00404nam a22001577a 4500003000400000020001800004082001600022100002100038245004900059260003700108300001500145650001600160650002700176650003000203650001300233OSt a9789382226543 a658bADA/TH a Adams, Dante H  aTheories and practices in modern management  aNew DelhibRandom Exports c2013 a300 pages; aManagement  aCommunication strategy aBarriers in Communication aHistory